000 00307nam a2200133Ia 4500
008 240624s9999 xx 000 0 und d
041 _aeng
082 _a823 BRO
100 _aBROWN DAN
245 _aDIGITAL FORTRESS
260 _c2009
_aNew Delhi
_bCorgi Books
300 _a510 p.; 17 cm.
365 _cRS
999 _c30822
_d30822